Here are the MARC records for my interactive book and instructional CD-ROM.  I found this records at the Library of Congress website. http://catalog.loc.gov/

 

The new kid on the block poems / by Jack Prelutsky.

 

LC Control Number:

97803256

000

02337cmm 2200445 a 450

001

5004511

005

19991108175448.0

008

971211s1993 cau j m eng

035

__ |9 (DLC) 97803256

906

__ |a 7 |b cbc |c copycat |d u |e ncip |f 19 |g y-gencompf

955

__ |a vb23 12-11-1997; vb02 12-22-97 to Children's; lb00 12-23-97; lb10 12-30-97; vb02 01-23-98 to BCCD

010

__ |a 97803256

020

__ |a 1571350721

040

__ |a DLC |c DLC

042

__ |a lccopycat-nm

050

00 |a PS3566.R36

082

10 |a 811 |2 13

100

1_ |a Prelutsky, Jack.

245

14 |a The new kid on the block |h [computer file] : |b poems / |c by Jack Prelutsky.

256

__ |a Computer data and program.

260

__ |a Novato, Calif. : |b Living Books and William Morrow : |b Random House/Broderbund, |c c1993.

300

__ |a 1 computer laser optical disc : |b sd., col. ; |c 4 3/4 in. + |e 1 book + 1 user's guide (insert) + Windows trouble shooting guide.

538

__ |a System requirements: For Macintosh: CD-ROM drive; System 6.0.7 or higher; 256 color monitor; 4MB RAM.

538

__ |a System requirements: For Windows: IBM/Tandy or 100% compatible 386SX or higher with 4MB RAM; Windows 3.1; MS-DOS 3.3 or higher; Super VGA (640x480, 256 colors); Sound Blaster or SB Pro and 100% compatible sound cards; mouse; CD-ROM drive.

500

__ |a Title from disc label.

500

__ |a Concept by Lucinda C. Ray ; developed and written by Rebecca Ann Penso and Marianne Saccardi ; edited by Lucinda C. Ray--Classroom activity.

500

__ |a Includes paper book: The new kid on the block ; poems / by Jack Prelutsky, drawings by James Stevenson, Greenwillow Books, New York, c1984, excerpted by Living Books.

500

__ |a User can either listen to story and watch animated pictures or listen to story and play with animation on each page.

521

8_ |a Ages 6-12.

520

__ |a Humorous poems about such strange creatures and people as Baloney Belly Billy and the Gloppy Gloppers.

650

_0 |a Children's poetry, American |x Juvenile Software.

650

_1 |a Humorous poetry.

650

_1 |a American poetry.

700

1_ |a Prelutsky, Jack.

700

1_ |a Schlichting, Mark.

710

2_ |a Living Books (Firm)

710

2_ |a William Morrow and Company.

710

2_ |a Random House (Firm)

710

2_ |a Brøderbund.

991

__ |b c-MRC |h PS3566.R36 |i [1997 02047] |t Copy 1 |w CF


 

 

CALL NUMBER:

PS3566.R36 [1997 02047]
Copy 1

-- Request in:

See Reference Staff. By Appt in Jefferson Main RR (MRC)

 

 

-- Status:

Not Charged

 


Kid pix studio

 

LC Control Number:

98801286

000

01802cmm 2200385 a 450

001

5004804

005

19980423142522.0

008

980311s1994 cau c m eng

035

__ |9 (DLC) 98801286

906

__ |a 7 |b cbc |c copycat |d u |e ncip |f 19 |g y-gencompf

955

__ |a vb23 03-11-1998; vb02 04-13-98 to ASCD; jf04 to lb00 04-14-98; lb04 04-20-98; vb02 04-23-98 to BCCD

010

__ |a 98801286

020

__ |a 1557909571

040

__ |a DLC |c DLC |d DLC

042

__ |a lccopycat-nm

050

00 |a T385

082

10 |a 006.6 |2 13

245

00 |a Kid pix studio |h [computer file].

246

30 |a Kidpix studio

256

__ |a Computer data and programs.

260

__ |a Novato, CA : |b Broderbund, |c c1994.

300

__ |a 1 computer laser optical disc : |b sd., col. ; |c 4 3/4 in. + |e 1 user's guide (70 p. : ill. ; 25 cm.) + 1 installation instruction sheet + 1 installation card (12 cm.)

538

__ |a System requirements: IBM or 100% compatible 386DX 33MHz (486 recommended) with 4 MB of RAM; 12 MB hard disk space; Windows 3.1; MS/PC-DOS 5.0 or higher; Super VGA (640x480, 256 colors); MPC-compliant sound card; mouse; hard drive; CD-ROM (double-speed recommended); printer support, Windows 3.1 printer drivers.

500

__ |a Title from disc label.

520

__ |a A paint and animation program suitable for children age 3 to 12. Includes sounds from a collection of over 80 song clips and sound effects.

500

__ |a Juv. CD-ROM.

521

__ |a Ages 3 to 12.

650

_0 |a Computer graphics |x Juvenile software.

650

_0 |a Computer art |x Juvenile software.

650

_0 |a Computer animation |x Juvenile software.

650

_1 |a Computer graphics |x Software.

650

_1 |a Computer art |x Software.

650

_1 |a Computer animation |x Software.

710

2_ |a Brøderbund.

991

__ |b c-MRC |h T385 |i [1998 00049] |t Copy 1 |w CF


 

 

CALL NUMBER:

T385 [1998 00049]
Copy 1

-- Request in:

See Reference Staff. By Appt in Jefferson Main RR (MRC)

 

 

-- Status:

Not Charged

 

Hosted by www.Geocities.ws

1